000 00294nam a2200109 a 4500
005 20201002044929.0
008 140404s1972 000 spa d
100 _aMistral, Federico
_971528
245 0 _aMireia : poema provenzal.
260 _aMadrid -- Libra,
_c1972 -- 189 p.
999 _c43200
_d43200
040 _aDO-SdBNP